Normal view
MARC view
- ندوة يوم القدس الندوة الرابعة 2-5 1993
Entry Personal Name
001 - CONTROL NUMBER
- control field: 47767
003 - CONTROL NUMBER IDENTIFIER
- control field: JO-AjAnu
005 - DATE AND TIME OF LATEST TRANSACTION
- control field: 20230606081901.0
008 - FIXED-LENGTH DATA ELEMENTS
- fixed length control field: 230606|| aca||aabn | a|a d
040 ## - CATALOGING SOURCE
- Original cataloging agency: JO-AjAnu
- Transcribing agency: JO-AjAnu
100 ## - HEADING--PERSONAL NAME
- Personal name: ندوة يوم القدس الندوة الرابعة 2-5 1993
670 ## - SOURCE DATA FOUND
- Source citation: Work cat.: (JO-AjAnu)24443: ندوة يوم القدس الندوة الرابعة 2-5 1993, author, يوم القدس: اثار القدس - من اجل جهد موحد لانقاذها / الندوة الرابعة